[Event "Landesklasse Ost 2025/26"]
[Site "?"]
[Date "2025.10.26"]
[Round "2.4"]
[White "Prütting, Marcus"]
[Black "Schumann, Robert"]
[Result "1-0"]
[WhiteElo "1873"]
[BlackElo "1836"]
[WhiteFideId "-1"]
[BlackFideId "-1"]
[PlyCount "77"]
[GameId "549943132610"]
[EventDate "2025.09.14"]
[EventType "team-tourn"]
[EventRounds "9"]
[SourceTitle "Thueringer Schachbund"]
[Source "ThSB"]
[SourceDate "2025.09.14"]
[SourceVersion "1"]
[SourceVersionDate "2025.09.14"]
[SourceQuality "1"]
[WhiteTeam "SC Rochade Zeulenroda"]
[BlackTeam "Schachklub Weida"]

{[%evp 0,76,16,56,44,-17,1,2,0,-36,-20,-2,21,-6,25,-34,18,7,20,19,48,17,28,79,145,123,103,117,135,135,372,417,545,545,545,545,545,504,504,130,130,157,170,117,117,117,117,125,125,99,132,141,137,163,163,163,173,95,95,57,98,116,143,143,105,105,172,172,172,40,114,94,370,370,484,432,622,622,622]} 1. d4 d5 2. c4 e6 3. Nc3 Nf6 4. Bg5 Nbd7 5. e3 Be7 6. Nf3 O-O 7. Qc2 c6 8. O-O-O b6 9. cxd5 Nxd5 10. h4 f6 11. Bd3 Nb4 12. Bxh7+ Kh8 13. Qb1 fxg5 14. hxg5 Bxg5 15. Nxg5 Qxg5 16. Bf5+ Kg8 17. Bxe6+ Rf7 18. Qh7+ Kf8 19. Bxf7 Kxf7 20. Ne4 Qg6 21. Qxg6+ Kxg6 22. a3 Nd5 23. Rh8 Bb7 24. Rdh1 c5 25. Nd6 Rxh8 26. Rxh8 Bc6 27. e4 Nf4 28. d5 Ba4 29. Rh4 Nd3+ 30. Kd2 Nxf2 31. e5 Bb3 32. e6 Nf6 33. e7 Kg5 34. g3 Bxd5 35. Rf4 Ne8 36. Nxe8 Ne4+ 37. Ke3 Bc6 38. Rxe4 Bxe8 39. Rf4 1-0

[Event "Landesklasse Ost 2025/26"]
[Site "?"]
[Date "2025.10.26"]
[Round "2.5"]
[White "Heine, Mario"]
[Black "Fuchs, Antje"]
[Result "0-1"]
[WhiteElo "1716"]
[BlackElo "1929"]
[WhiteFideId "-1"]
[BlackFideId "-1"]
[PlyCount "118"]
[GameId "549944515694"]
[EventDate "2025.09.14"]
[EventType "team-tourn"]
[EventRounds "9"]
[SourceTitle "Thueringer Schachbund"]
[Source "ThSB"]
[SourceDate "2025.09.14"]
[SourceVersion "1"]
[SourceVersionDate "2025.09.14"]
[SourceQuality "1"]
[WhiteTeam "Schachklub Weida"]
[BlackTeam "SC Rochade Zeulenroda"]

1. e4 c5 2. Nf3 d6 3. d4 cxd4 4. Nxd4 Nf6 5. Bd3 e5 6. Nf3 Be7 7. Nc3 h6 8. O-O Be6 9. Qe2 Nbd7 10. Be3 a6 11. Rfd1 Qc7 12. a4 O-O 13. h3 Rfe8 14. Nh2 d5 15. exd5 Nxd5 16. Nxd5 Bxd5 17. c4 Be6 18. Rac1 f5 19. f3 Nc5 20. Bc2 a5 21. b3 Bd6 22. Nf1 Rad8 23. Bf2 e4 24. fxe4 fxe4 25. Rd4 Bf4 26. Rcd1 Rxd4 27. Rxd4 e3 28. Be1 b6 29. Bh4 Qe5 30. Rd8 Rxd8 31. Bxd8 Qd6 32. Bh4 Qd4 33. Be1 Nd7 34. g3 Be5 35. Kg2 Nf6 36. Qxe3 Qd6 37. Bf2 Nd7 38. Nd2 Qf8 39. Nf3 Qf6 40. Qe4 Bc3 41. Nd4 Bxh3+ 42. Kxh3 Qxf2 43. Qd5+ Qf7 44. Bh7+ Kf8 45. Qa8+ Ke7 46. Qe4+ Kd8 47. Bg6 Qf1+ 48. Kh2 Qf2+ 49. Kh3 Bxd4 50. Qa8+ Kc7 51. Be4 Bc5 52. Qc6+ Kd8 53. Qg6 Qf1+ 54. Bg2 Qf6 55. Qd3 Qd6 56. Qf3 Nf6 57. g4 Qd7 58. Qa8+ Ke7 59. Qf3 h5 0-1

[Event "Landesklasse Ost 2025/26"]
[Site "?"]
[Date "2025.10.26"]
[Round "2.6"]
[White "Skibbe, Diana"]
[Black "Lehmann, Volkhard"]
[Result "1-0"]
[WhiteElo "1885"]
[BlackElo "1546"]
[WhiteFideId "-1"]
[BlackFideId "-1"]
[PlyCount "75"]
[GameId "549946740966"]
[EventDate "2025.09.14"]
[EventType "team-tourn"]
[EventRounds "9"]
[SourceTitle "Thueringer Schachbund"]
[Source "ThSB"]
[SourceDate "2025.09.14"]
[SourceVersion "1"]
[SourceVersionDate "2025.09.14"]
[SourceQuality "1"]
[WhiteTeam "SC Rochade Zeulenroda"]
[BlackTeam "Schachklub Weida"]

1. e4 c5 2. Nf3 Nc6 3. d4 cxd4 4. Nxd4 a6 5. c4 e6 6. Be3 Bb4+ 7. Nc3 Bxc3+ 8. bxc3 Nf6 9. f3 O-O 10. Be2 Qc7 11. O-O e5 12. Nf5 Rd8 13. Nd6 Ne8 14. c5 Na7 15. c4 Nc6 16. Qd5 Nxd6 17. cxd6 Qa5 18. Qxa5 Nxa5 19. Bb6 Nc6 20. Bxd8 Nxd8 21. c5 Nc6 22. Rab1 a5 23. Bc4 Rb8 24. Bd5 Nb4 25. Rfc1 Nc6 26. Bxc6 dxc6 27. a4 Kf8 28. Rb6 Ke8 29. Rcb1 Kd7 30. Kf2 f6 31. Ke3 g5 32. g3 h5 33. f4 gxf4+ 34. gxf4 Ke6 35. Rxc6 Bd7 36. Rc7 b5 37. axb5 Bxb5 38. Re7# 1-0

[Event "Landesklasse Ost 2025/26"]
[Site "?"]
[Date "2025.10.26"]
[Round "2.7"]
[White "Urban, Bernd"]
[Black "Läßiger, Helko"]
[Result "0-1"]
[WhiteElo "1684"]
[BlackElo "1737"]
[WhiteFideId "-1"]
[BlackFideId "-1"]
[PlyCount "46"]
[GameId "549947871901"]
[EventDate "2025.09.14"]
[EventType "team-tourn"]
[EventRounds "9"]
[SourceTitle "Thueringer Schachbund"]
[Source "ThSB"]
[SourceDate "2025.09.14"]
[SourceVersion "1"]
[SourceVersionDate "2025.09.14"]
[SourceQuality "1"]
[WhiteTeam "Schachklub Weida"]
[BlackTeam "SC Rochade Zeulenroda"]

1. c4 e6 2. d4 d5 3. cxd5 exd5 4. Nf3 c6 5. a3 Bd6 6. Bg5 Qc7 7. e3 Bg4 8. h3 Be6 9. Qd2 Nd7 10. Nc3 h6 11. Bf4 Ngf6 12. Bxd6 Qxd6 13. Bd3 O-O 14. O-O Nh7 15. Rac1 f5 16. Qc2 Ng5 17. Nh4 f4 18. Ng6 f3 19. g3 Bxh3 20. Nxf8 Rxf8 21. Rfe1 Nf6 22. e4 Bg2 23. e5 Nh3+ 0-1

[Event "Landesklasse Ost 2025/26"]
[Site "?"]
[Date "2025.10.26"]
[Round "2.8"]
[White "Barth, Christian"]
[Black "Pillot, Franz"]
[Result "1/2-1/2"]
[WhiteElo "1707"]
[BlackElo "1321"]
[WhiteFideId "-1"]
[BlackFideId "-1"]
[PlyCount "95"]
[GameId "549948440724"]
[EventDate "2025.09.14"]
[EventType "team-tourn"]
[EventRounds "9"]
[SourceTitle "Thueringer Schachbund"]
[Source "ThSB"]
[SourceDate "2025.09.14"]
[SourceVersion "1"]
[SourceVersionDate "2025.09.14"]
[SourceQuality "1"]
[WhiteTeam "SC Rochade Zeulenroda"]
[BlackTeam "Schachklub Weida"]

1. e4 c5 2. Nf3 Nc6 3. d4 cxd4 4. Nxd4 e6 5. Nb5 a6 6. Nd6+ Bxd6 7. Qxd6 Qa5+ 8. Bd2 Qe5 9. Qxe5 Nxe5 10. Bc3 f6 11. Be2 Nc6 12. Nd2 b5 13. a3 Kf7 14. O-O Nge7 15. Nb3 d5 16. Bf3 Rd8 17. Rad1 Ne5 18. Be2 Bb7 19. Na5 Rab8 20. Nxb7 Rxb7 21. Bxe5 fxe5 22. f4 exf4 23. Rxf4+ Ke8 24. Rdf1 dxe4 25. Rxe4 Rd6 26. Rh4 Rd2 27. Bd3 h6 28. Re1 Rb6 29. Kf1 Kd7 30. Rg4 g5 31. Rc1 Nd5 32. Ke1 Rxd3 33. cxd3 Nf4 34. Kd2 Rd6 35. Rc3 e5 36. g3 Ne6 37. Re4 Nd4 38. Rc1 Nb3+ 39. Kc2 Nxc1 40. Kxc1 Ke6 41. Kd2 Kd5 42. a4 Rf6 43. axb5 axb5 44. Kc3 Rf3 45. b3 h5 46. Rb4 Kc5 47. Re4 Kd5 48. Rb4 1/2-1/2

[Event "Landesklasse Ost 2025/26"]
[Site "?"]
[Date "2025.10.26"]
[Round "2.1"]
[White "Greiner, Timo"]
[Black "Albrecht, Jürgen"]
[Result "1/2-1/2"]
[WhiteElo "2027"]
[BlackElo "1988"]
[WhiteFideId "-1"]
[BlackFideId "-1"]
[PlyCount "52"]
[GameId "549932612101"]
[EventDate "2025.09.14"]
[EventType "team-tourn"]
[EventRounds "9"]
[SourceTitle "Thueringer Schachbund"]
[Source "ThSB"]
[SourceDate "2025.09.14"]
[SourceVersion "1"]
[SourceVersionDate "2025.09.14"]
[SourceQuality "1"]
[WhiteTeam "SV Thuringia Königsee"]
[BlackTeam "SSV Vimaria 91 Weimar 2"]

{[%evp 0,52,50,20,92,84,149,133,126,112,99,39,45,45,44,21,41,28,28,33,41,1,21,21,35,46,84,66,82,37,46,25,49,48,45,67,83,67,59,55,72,71,98,70,93,106,120,134,128,104,110,100,186,270,270]} 1. e4 c5 2. Nf3 g6 3. d4 cxd4 4. Nxd4 Nc6 5. c4 Bg7 6. Be3 Nf6 7. Nc3 d6 8. Be2 O-O 9. O-O Bd7 10. Qd2 Nxd4 11. Bxd4 Bc6 12. f3 a5 13. b3 Nd7 14. Be3 f5 15. exf5 gxf5 16. Rad1 f4 17. Bd4 Ne5 18. Nd5 Bxd5 19. cxd5 Qd7 20. a4 Qf5 21. Rc1 Rfc8 22. Bb6 Rxc1 23. Rxc1 Rc8 24. Bxa5 Rxc1+ 25. Qxc1 Nd3 26. Qc2 Qxd5 1/2-1/2

[Event "Landesklasse Ost 2025/26"]
[Site "?"]
[Date "2025.10.26"]
[Round "2.2"]
[White "Günther, Arthur"]
[Black "Kreutzmann, Henry"]
[Result "1-0"]
[WhiteElo "1871"]
[BlackElo "1775"]
[WhiteFideId "-1"]
[BlackFideId "-1"]
[PlyCount "55"]
[GameId "549932612163"]
[EventDate "2025.09.14"]
[EventType "team-tourn"]
[EventRounds "9"]
[SourceTitle "Thueringer Schachbund"]
[Source "ThSB"]
[SourceDate "2025.09.14"]
[SourceVersion "1"]
[SourceVersionDate "2025.09.14"]
[SourceQuality "1"]
[WhiteTeam "SSV Vimaria 91 Weimar 2"]
[BlackTeam "SV Thuringia Königsee"]

{[%evp 0,55,50,13,21,25,26,13,18,5,44,19,21,-27,50,52,61,103,91,91,77,73,156,98,127,48,28,-14,65,48,55,68,66,55,44,42,42,42,50,67,43,38,38,39,53,18,60,47,57,88,82,107,162,159,159,159,387,419]} 1. d4 d5 2. Nf3 e6 3. e3 Nf6 4. Bd3 Bd6 5. O-O O-O 6. Nbd2 b6 7. e4 dxe4 8. Nxe4 Nxe4 9. Bxe4 c6 10. Ne5 Qc7 11. Re1 Bb7 12. Re3 g6 13. Re1 Na6 14. Bh6 Rfc8 15. c3 c5 16. Qf3 Bxe4 17. Qxe4 cxd4 18. Qxd4 Bxe5 19. Rxe5 Qc4 20. Re4 Qxd4 21. Rxd4 Nc5 22. Rad1 f6 23. f3 e5 24. Rd6 Kf7 25. b4 Na4 26. Rd7+ Ke8 27. Rxh7 Nxc3 28. Rdd7 1-0

[Event "Landesklasse Ost 2025/26"]
[Site "?"]
[Date "2025.10.26"]
[Round "2.3"]
[White "Häusler, Willi"]
[Black "Günther, Andreas"]
[Result "1-0"]
[WhiteElo "1725"]
[BlackElo "2079"]
[WhiteFideId "-1"]
[BlackFideId "-1"]
[PlyCount "105"]
[GameId "549932612210"]
[EventDate "2025.09.14"]
[EventType "team-tourn"]
[EventRounds "9"]
[SourceTitle "Thueringer Schachbund"]
[Source "ThSB"]
[SourceDate "2025.09.14"]
[SourceVersion "1"]
[SourceVersionDate "2025.09.14"]
[SourceQuality "1"]
[WhiteTeam "SV Thuringia Königsee"]
[BlackTeam "SSV Vimaria 91 Weimar 2"]

{[%evp 0,105,41,18,20,34,17,-27,-31,-18,-27,-38,-13,-25,18,-61,-32,-43,-31,-120,-47,-137,-70,-75,-14,15,12,-53,-53,-105,-47,-205,-110,-161,-88,-129,-123,-145,-78,-61,-61,-74,-57,-142,-12,-85,-92,-103,-71,-101,-101,-149,-149,-171,-181,-167,-187,-183,-183,-217,-217,-291,-185,-196,-148,-200,-173,-163,-143,-186,-146,-146,-142,-145,-152,-164,-117,-129,-129,-125,-103,-167,-145,-188,-142,-209,-200,-189,-175,-352,-218,-356,-337,-395,-395,-419,-440,-427,-358,-379,-385,-430,102,102,29993,29994,29997,29998]} 1. e4 d5 2. exd5 Qxd5 3. c4 Qe4+ 4. Qe2 Qxe2+ 5. Bxe2 Nc6 6. Nf3 Bf5 7. a3 O-O-O 8. b4 e5 9. Bd1 Bd3 10. Be2 e4 11. Ng5 Nd4 12. Bxd3 exd3 13. O-O Nh6 14. Nc3 Be7 15. Nh3 Bf6 16. Rb1 Rhe8 17. Kh1 Ng4 18. Nd5 c6 19. Nxf6 Nxf6 20. Bb2 Re2 21. Bc3 Ne6 22. Bxf6 gxf6 23. Rbd1 Rd4 24. c5 a5 25. Ng1 axb4 26. Nf3 Rc4 27. axb4 Rxb4 28. Ra1 Nxc5 29. Ra8+ Kd7 30. g3 Re8 31. Ra3 Rb3 32. Ra5 Ne4 33. Kg2 c5 34. Ra4 Re6 35. Rc1 Ke7 36. Ra2 Rb4 37. Nh4 c4 38. Nf5+ Kd7 39. Ne3 Nd6 40. Ra5 Re5 41. Nd5 Ke6 42. Nf4+ Kf5 43. Ra8 Rb2 44. Kf3 Kg5 45. g4 Ne4 46. h4+ Kh6 47. Rg8 Nxd2+ 48. Kg2 Rb1 49. Rc3 b5 50. Ra3 Nf3 51. Kxf3 d2 52. g5+ fxg5 53. Ra6+ 1-0

[Event "Landesklasse Ost 2025/26"]
[Site "?"]
[Date "2025.10.26"]
[Round "2.4"]
[White "Gulich, Christian"]
[Black "Möller, Frank"]
[Result "1-0"]
[WhiteElo "1905"]
[BlackElo "1801"]
[WhiteFideId "-1"]
[BlackFideId "-1"]
[PlyCount "79"]
[GameId "549932612241"]
[EventDate "2025.09.14"]
[EventType "team-tourn"]
[EventRounds "9"]
[SourceTitle "Thueringer Schachbund"]
[Source "ThSB"]
[SourceDate "2025.09.14"]
[SourceVersion "1"]
[SourceVersionDate "2025.09.14"]
[SourceQuality "1"]
[WhiteTeam "SSV Vimaria 91 Weimar 2"]
[BlackTeam "SV Thuringia Königsee"]

{[%evp 0,79,41,20,20,-5,17,17,110,94,100,66,92,92,85,50,73,57,60,48,213,270,319,319,278,335,315,286,257,241,307,223,223,234,223,223,253,262,274,270,270,267,294,272,253,262,259,247,310,214,310,301,249,275,281,297,311,288,269,271,314,241,238,238,207,148,136,123,213,66,107,92,92,77,133,118,133,63,123,154,198,180]} 1. e4 d5 2. exd5 Qxd5 3. Nc3 Qd8 4. Nf3 Nf6 5. Bc4 Bf5 6. d4 e6 7. Bg5 Be7 8. Ne5 Nbd7 9. Qf3 c6 10. Nxf7 Kxf7 11. Qxf5 Nf8 12. O-O-O g6 13. Qf3 Kg7 14. Rhe1 Qd6 15. Ne4 Nxe4 16. Bxe7 Qxe7 17. Rxe4 Qg5+ 18. Kb1 Re8 19. Rde1 h5 20. h4 Qd8 21. Rf4 Re7 22. Re5 Qd7 23. Qe2 Qd6 24. Rfe4 Kf6 25. g4 hxg4 26. Qxg4 Kf7 27. f4 Rh6 28. a3 b5 29. Bb3 a5 30. a4 bxa4 31. Bxa4 Nd7 32. Qf3 Kg7 33. Bb3 Nxe5 34. fxe5 Qd7 35. Qf6+ Kh7 36. Rf4 Qe8 37. c3 Kg8 38. Bc4 Rh5 39. Rg4 Rh6 40. h5 1-0

[Event "Landesklasse Ost 2025/26"]
[Site "?"]
[Date "2025.10.26"]
[Round "2.5"]
[White "Steiger, Bernd"]
[Black "Homberger, Jan"]
[Result "1-0"]
[WhiteElo "1777"]
[BlackElo "1887"]
[WhiteFideId "-1"]
[BlackFideId "-1"]
[PlyCount "109"]
[GameId "549932612272"]
[EventDate "2025.09.14"]
[EventType "team-tourn"]
[EventRounds "9"]
[SourceTitle "Thueringer Schachbund"]
[Source "ThSB"]
[SourceDate "2025.09.14"]
[SourceVersion "1"]
[SourceVersionDate "2025.09.14"]
[SourceQuality "1"]
[WhiteTeam "SV Thuringia Königsee"]
[BlackTeam "SSV Vimaria 91 Weimar 2"]

{[%evp 0,109,41,20,100,100,86,86,87,91,65,91,120,63,66,52,72,40,42,19,21,21,21,-7,10,-11,-14,-83,-115,-83,-66,-66,-59,-77,-39,-63,-35,-39,-15,-17,-17,-65,-37,-118,-97,-150,-127,-127,-127,-245,-187,-173,-124,-133,-140,-161,-63,-57,-80,-87,-76,-94,-78,-68,2,2,-25,-41,1084,1315,29997,194,194,214,214,210,210,196,196,156,156,156,156,111,185,185,173,177,203,219,249,249,235,225,226,218,234,244,253,244,276,250,355,254,386,406,569,584,884,923,951,597]} 1. e4 c5 2. Nf3 d6 3. d4 cxd4 4. Nxd4 Nf6 5. Nc3 a6 6. Be2 e5 7. Nb3 Be7 8. O-O O-O 9. Bg5 Be6 10. Bxf6 Bxf6 11. Bg4 Nc6 12. Nd5 Bg5 13. f4 exf4 14. Nxf4 Bxf4 15. Rxf4 Qg5 16. g3 Ne5 17. Be2 Rad8 18. Nd4 Bc8 19. Nf3 Qe7 20. Nd2 b5 21. Qf1 d5 22. Re1 Qc5+ 23. Qf2 Qxc2 24. Qd4 Ng6 25. Bd1 Qc7 26. Rf2 dxe4 27. Qxe4 Bb7 28. Qe3 Rd6 29. Bb3 Qc6 30. Qf3 Qd7 31. Ne4 Ne5 32. Qh5 Bxe4 33. Rxe4 Nd3 34. Rxf7 Qxf7 35. Bxf7+ Rxf7 36. Re8+ Rf8 37. Rxf8+ Kxf8 38. Qxh7 Nxb2 39. Qh8+ Kf7 40. Qh5+ Kg8 41. Qe5 Rd1+ 42. Kg2 Rd2+ 43. Kh3 Nc4 44. Qe6+ Kh7 45. Qxa6 Rd5 46. Qe6 Re5 47. Qf7 Ne3 48. g4 Nc4 49. Kg3 Re3+ 50. Kf2 Re5 51. h4 Kh6 52. a4 bxa4 53. Qxc4 Ra5 54. Qb4 Ra6 55. Qb5 1-0

[Event "Landesklasse Ost 2025/26"]
[Site "?"]
[Date "2025.10.26"]
[Round "2.6"]
[White "Bemmann, Carlo"]
[Black "Quandt, Friedbert"]
[Result "1/2-1/2"]
[WhiteElo "1870"]
[BlackElo "1648"]
[WhiteFideId "-1"]
[BlackFideId "-1"]
[PlyCount "20"]
[GameId "549932612319"]
[EventDate "2025.09.14"]
[EventType "team-tourn"]
[EventRounds "9"]
[SourceTitle "Thueringer Schachbund"]
[Source "ThSB"]
[SourceDate "2025.09.14"]
[SourceVersion "1"]
[SourceVersionDate "2025.09.14"]
[SourceQuality "1"]
[WhiteTeam "SSV Vimaria 91 Weimar 2"]
[BlackTeam "SV Thuringia Königsee"]

{[%evp 0,20,41,19,39,19,49,-19,63,54,95,89,115,68,77,60,131,55,82,23,23,-73,-73]} 1. e4 d5 2. exd5 Nf6 3. d4 Nxd5 4. c4 Nb6 5. Nf3 g6 6. Be3 Bg7 7. Nc3 Bg4 8. Be2 O-O 9. Qb3 Nc6 10. d5 Bxf3 1/2-1/2

[Event "Landesklasse Ost 2025/26"]
[Site "?"]
[Date "2025.10.26"]
[Round "2.7"]
[White "Heunemann, Florian"]
[Black "Brüning, Gerrit"]
[Result "1/2-1/2"]
[WhiteElo "1719"]
[BlackElo "1774"]
[WhiteFideId "-1"]
[BlackFideId "-1"]
[PlyCount "101"]
[GameId "549932612350"]
[EventDate "2025.09.14"]
[EventType "team-tourn"]
[EventRounds "9"]
[SourceTitle "Thueringer Schachbund"]
[Source "ThSB"]
[SourceDate "2025.09.14"]
[SourceVersion "1"]
[SourceVersionDate "2025.09.14"]
[SourceQuality "1"]
[WhiteTeam "SV Thuringia Königsee"]
[BlackTeam "SSV Vimaria 91 Weimar 2"]

{[%evp 0,101,41,25,76,66,59,40,40,46,39,37,44,44,40,32,37,-3,-3,-24,35,19,44,39,48,66,57,35,73,48,48,38,54,44,47,53,50,13,39,-41,15,-13,10,-34,4,-54,-113,-113,-113,-97,-75,-53,-18,-26,55,50,58,58,28,41,59,6,79,37,44,3,3,7,-12,-16,-2,-8,-9,-2,-7,-12,-4,-8,8,-7,-8,-50,-94,-107,-30,-150,-16,-35,-62,-62,-32,-65,-65,-96,-131,-134,-62,-56,-54,-44,-38,-44,-35,-38]} 1. d4 f5 2. Nf3 Nf6 3. c4 e6 4. Nc3 Bb4 5. Qb3 a5 6. a3 Bxc3+ 7. bxc3 a4 8. Qa2 Ne4 9. Bd2 c5 10. Rb1 b6 11. Qb2 Ra6 12. Bf4 Nc6 13. h4 Na5 14. e3 Nb3 15. Bd3 Bb7 16. Bc2 Na5 17. Bd3 O-O 18. Ke2 d6 19. Rbg1 Ra7 20. Rb1 Ra6 21. Rbd1 Qf6 22. Bxe4 fxe4 23. Nd2 e5 24. Bg3 exd4 25. cxd4 cxd4 26. Qxd4 d5 27. Qxf6 Rxf6 28. cxd5 Bxd5 29. Rc1 b5 30. Rc8+ Kf7 31. Rhc1 Rac6 32. R8xc6 Rxc6 33. Rxc6 Nxc6 34. Bd6 Ke6 35. Bf8 g6 36. Nb1 Bc4+ 37. Kd2 Kf5 38. Nc3 h5 39. g3 Ne5 40. Nd1 Nd3 41. Kc3 Kg4 42. Bd6 Kf3 43. Kd4 Bb3 44. Nc3 Nxf2 45. Nxb5 Nh1 46. Bf4 Nxg3 47. Ke5 Nf5 48. Nd4+ Nxd4 49. Kxd4 Kg4 50. Bg5 Kf5 51. Kc5 1/2-1/2

[Event "Landesklasse Ost 2025/26"]
[Site "?"]
[Date "2025.10.26"]
[Round "2.1"]
[White "Tobal, Elias"]
[Black "Buring, Matthias"]
[Result "1/2-1/2"]
[WhiteElo "1951"]
[BlackElo "2007"]
[WhiteFideId "-1"]
[BlackFideId "-1"]
[PlyCount "56"]
[GameId "549920993389"]
[EventDate "2025.09.14"]
[EventType "team-tourn"]
[EventRounds "9"]
[SourceTitle "Thueringer Schachbund"]
[Source "ThSB"]
[SourceDate "2025.09.14"]
[SourceVersion "1"]
[SourceVersionDate "2025.09.14"]
[SourceQuality "1"]
[WhiteTeam "SC Turm Erfurt"]
[BlackTeam "SG Arnstadt-Stadtilm"]

{[%evp 0,56,12,34,13,23,27,28,25,17,74,0,0,-8,15,3,2,-9,-12,-40,-65,-83,-64,73,-66,-59,-63,-57,-40,-117,-69,-21,-82,-96,-70,-135,-60,-51,-29,-66,-73,-59,25,-21,11,11,-5,32,84,-9,-45,-42,-24,-23,-31,-102,-197,-129,-115]} 1. d4 d5 2. c4 c6 3. Nc3 e6 4. Nf3 f5 5. g4 fxg4 6. Ne5 Nf6 7. Rg1 Be7 8. h3 Nbd7 9. Nxg4 O-O 10. Qc2 b5 11. cxb5 cxb5 12. a3 b4 13. axb4 Bxb4 14. Bg2 Bb7 15. Bd2 a5 16. Bf3 Qb6 17. Qd3 Rae8 18. Na4 Qd6 19. Nxf6+ Rxf6 20. Bxb4 Qxb4+ 21. Qd2 e5 22. Qxb4 axb4 23. Bg4 Rg6 24. O-O-O Nf6 25. Nc5 Nxg4 26. Rxg4 Rc6 27. e3 Bc8 28. Rg3 Rf8 1/2-1/2

[Event "Landesklasse Ost 2025/26"]
[Site "?"]
[Date "2025.10.26"]
[Round "2.2"]
[White "Kaiser, Markus"]
[Black "McLeod, Andrew"]
[Result "1/2-1/2"]
[WhiteElo "1951"]
[BlackElo "1919"]
[WhiteFideId "-1"]
[BlackFideId "-1"]
[PlyCount "93"]
[GameId "549920993904"]
[EventDate "2025.09.14"]
[EventType "team-tourn"]
[EventRounds "9"]
[SourceTitle "Thueringer Schachbund"]
[Source "ThSB"]
[SourceDate "2025.09.14"]
[SourceVersion "1"]
[SourceVersionDate "2025.09.14"]
[SourceQuality "1"]
[WhiteTeam "SG Arnstadt-Stadtilm"]
[BlackTeam "SC Turm Erfurt"]

{[%evp 0,93,16,28,20,-28,27,31,22,23,23,33,36,40,51,52,33,15,42,24,23,35,29,16,12,-11,14,10,11,-62,-61,-57,-72,-66,-182,-67,-71,12,-54,-43,-26,28,11,-1,12,-69,20,27,22,142,21,7,40,16,87,-1,-8,-2,1,-38,-152,-40,-12,-31,-2,-44,-1,-22,-5,-34,-21,-73,-15,-48,-17,-23,-35,-103,-110,-175,-162,-182,-149,-210,-170,-219,-164,-87,-161,-145,-145,-172,-136,-114,-88,-144]} 1. e4 c5 2. Nf3 Nc6 3. d4 cxd4 4. Nxd4 g6 5. c4 Bg7 6. Be3 Qb6 7. Nb5 Qa5+ 8. N1c3 Nf6 9. f3 O-O 10. Qd2 a6 11. Nd4 Nxd4 12. Bxd4 d6 13. Be2 Be6 14. Rd1 Rfc8 15. b3 b5 16. Nd5 Qxd2+ 17. Rxd2 Bxd5 18. Bxf6 Bxf6 19. Rxd5 Rc5 20. Kd2 Rb8 21. g3 Rb6 22. b4 Rxd5+ 23. cxd5 Rb7 24. Rc1 Ra7 25. Rc8+ Kg7 26. Kc2 a5 27. bxa5 Rxa5 28. Kb3 b4 29. Rc2 Bc3 30. Kc4 Kf6 31. Kd3 Ke5 32. f4+ Kf6 33. Ke3 e6 34. Bc4 e5 35. Bb3 Rc5 36. fxe5+ Kxe5 37. Kd3 Bd4 38. Re2 Rc3+ 39. Kd2 Rf3 40. Bc4 Bc3+ 41. Kc2 Bd4 42. Kd2 h5 43. Bb3 g5 44. Ba4 f6 45. Be8 h4 46. gxh4 gxh4 47. Bd7 1/2-1/2

[Event "Landesklasse Ost 2025/26"]
[Site "?"]
[Date "2025.10.26"]
[Round "2.3"]
[White "Strohner, Maximilian"]
[Black "Sauer, Marko"]
[Result "1-0"]
[WhiteElo "1802"]
[BlackElo "1985"]
[WhiteFideId "-1"]
[BlackFideId "-1"]
[PlyCount "83"]
[GameId "549920993935"]
[EventDate "2025.09.14"]
[EventType "team-tourn"]
[EventRounds "9"]
[SourceTitle "Thueringer Schachbund"]
[Source "ThSB"]
[SourceDate "2025.09.14"]
[SourceVersion "1"]
[SourceVersionDate "2025.09.14"]
[SourceQuality "1"]
[WhiteTeam "SC Turm Erfurt"]
[BlackTeam "SG Arnstadt-Stadtilm"]

{[%evp 0,83,16,26,58,-13,-10,-88,-47,-40,-20,-19,-2,-9,-19,-6,44,38,38,9,9,-6,17,-5,57,58,49,19,32,32,56,52,165,129,89,49,73,29,110,17,162,162,182,214,197,239,239,180,172,172,221,158,153,111,226,226,226,47,267,375,376,410,640,460,487,524,556,556,556,636,796,623,607,628,672,468,596,605,639,698,698,715,759,681,981,977]} 1. e4 e6 2. b3 d5 3. Bb2 Nf6 4. e5 Nfd7 5. f4 Be7 6. Qg4 O-O 7. Nc3 c5 8. Nf3 Nc6 9. O-O-O f5 10. Qh3 d4 11. Nb5 Re8 12. g4 a6 13. Na3 b5 14. gxf5 exf5 15. Bd3 Nb4 16. Bxf5 Nf8 17. Kb1 Qd5 18. Bxc8 Raxc8 19. Rhg1 Rc6 20. f5 Kh8 21. Qg4 Qf7 22. e6 Qf6 23. Qh5 g6 24. fxg6 Nxg6 25. Ng5 Qg7 26. Nf7+ Kg8 27. Nh6+ Kh8 28. Rdf1 Bf8 29. Nf5 Qg8 30. Nxd4 cxd4 31. Bxd4+ Bg7 32. Rxg6 Bxd4 33. Rxg8+ Rxg8 34. c3 Bg7 35. cxb4 Rxe6 36. Nc2 Re5 37. Qf7 Re2 38. Rf2 Ree8 39. Qb7 Re6 40. Rg2 Rf6 41. Ne3 Rf4 42. Rxg7 1-0

[Event "Landesklasse Ost 2025/26"]
[Site "?"]
[Date "2025.10.26"]
[Round "2.4"]
[White "Heß, Jürgen"]
[Black "Schade, Holger"]
[Result "1-0"]
[WhiteElo "1849"]
[BlackElo "1766"]
[WhiteFideId "-1"]
[BlackFideId "-1"]
[PlyCount "53"]
[GameId "549920993966"]
[EventDate "2025.09.14"]
[EventType "team-tourn"]
[EventRounds "9"]
[SourceTitle "Thueringer Schachbund"]
[Source "ThSB"]
[SourceDate "2025.09.14"]
[SourceVersion "1"]
[SourceVersionDate "2025.09.14"]
[SourceQuality "1"]
[WhiteTeam "SG Arnstadt-Stadtilm"]
[BlackTeam "SC Turm Erfurt"]

{[%evp 0,48,22,33,15,27,23,21,8,9,12,7,19,21,39,16,62,125,116,141,113,30,13,13,7,18,36,-45,99,-22,102,136,151,149,334,297,210,213,254,127,392,262,436,369,380,485,601,326,347,178,646]} 1. e4 e5 2. Nf3 Nc6 3. Bb5 a6 4. Ba4 Nf6 5. O-O b5 6. Bb3 Bc5 7. c3 Bb7 8. d4 exd4 9. cxd4 Bb6 10. Ng5 d5 11. e5 Ne4 12. Nf3 O-O 13. Nc3 Nxc3 14. bxc3 Na5 15. Bc2 Nc4 16. Bxh7+ Kh8 17. Ng5 g6 18. Nxf7+ Rxf7 19. Bxg6 Rg7 20. Qh5+ Kg8 21. Bg5 Qd7 22. Bf6 Rf8 23. Rad1 Bc8 24. Qh6 c5 25. Rd3 Qc7 26. Rg3 cxd4 27. Bh7+ 1-0